NHL Roster - Chicago Blackhawks 2024-25 - Statistics

General Stats
  • This quiz has been taken 53 times
  • The average score is 17 of 27
Answer Stats
# Birthplace Player Name % Correct
Forwards 98 British Columbia, CAN Connor Bedard
100%
Forwards 17 New York, USA Nick Foligno
82%
Goaltenders 40 Göteborg, SWE Arvid Söderblom
80%
Goaltenders 30 Connecticut, USA Spencer Knight
80%
Defencemen 5 Ohio, USA Connor Murphy
77%
Forwards 91 Michigan, USA Frank Nazar
77%
Forwards 59 Ontario, CAN Tyler Bertuzzi
77%
Defencemen 72 Illinois, USA Alex Vlasic
75%
Forwards 86 Helsinki, FIN Teuvo Teravainen
75%
Defencemen 14 Saskatchewan, CAN Kevin Korchinski
70%
Forwards 73 Nürnberg, DEU Lukas Reichel
68%
Forwards 8 Massachusetts, USA Ryan Donato
68%
Forwards 23 Munsingen, CHE Philipp Kurashev
66%
Forwards 11 Minnesota, USA Oliver Moore
59%
Defencemen 55 Zhlobin, BLR Artyom Levshunov
57%
Forwards 16 Ontario, CAN Jason Dickinson
55%
Forwards 77 Missouri, USA Patrick Maroon
55%
Forwards 95 Omsk, RUS Ilya Mikheyev
52%
Forwards 84 Indiana, USA Landon Slaggert
48%
Defencemen 46 Quebec, CAN Louis Crevier
48%
Defencemen 78 Ontario, CAN TJ Brodie
48%
Forwards 28 Alberta, CAN Colton Dach
45%
Forwards 90 Quebec, CAN Joe Veleno
45%
Defencemen 25 Michigan, USA Alec Martinez
43%
Defencemen 6 Minnesota, USA Sam Rinzel
43%
Defencemen 44 Minnesota, USA Wyatt Kaiser
43%
Defencemen 38 Ontario, CAN Ethan Del Mastro
39%
No matching quizzes found
Score Distribution
Percent of People with Each Score
Percentile by Number Answered
Your Score History
You have not taken this quiz